<?xml version="1.0" encoding="UTF-8"?>
<collection xmlns="http://www.loc.gov/MARC21/slim">
 <record>
  <leader>00699cam a2200229 7i4500</leader>
  <controlfield tag="001">0000021391</controlfield>
  <controlfield tag="005">20140616090000.0</controlfield>
  <datafield tag="020" ind1="#" ind2="0">
   <subfield code="a">0852927681 </subfield>
  </datafield>
  <datafield tag="090" ind1="0" ind2="0">
   <subfield code="a">H 62 </subfield>
   <subfield code="b">M153 1998</subfield>
  </datafield>
  <datafield tag="100" ind1="1" ind2="#">
   <subfield code="a">Mackay, Ian </subfield>
  </datafield>
  <datafield tag="245" ind1="1" ind2="0">
   <subfield code="a">Asking questions  </subfield>
   <subfield code="c">Ian Mackay, revised and updated by Krystyna Weinstein.</subfield>
  </datafield>
  <datafield tag="250" ind1="#" ind2="#">
   <subfield code="a">2nd ed..</subfield>
  </datafield>
  <datafield tag="260" ind1="#" ind2="#">
   <subfield code="a">London: </subfield>
   <subfield code="b">IPD, </subfield>
   <subfield code="c">1998.</subfield>
  </datafield>
  <datafield tag="300" ind1="#" ind2="#">
   <subfield code="a">81 p.; </subfield>
   <subfield code="c">20 cm.</subfield>
  </datafield>
  <datafield tag="490" ind1="0" ind2="0">
   <subfield code="a">Management Shapers series</subfield>
  </datafield>
  <datafield tag="590" ind1="#" ind2="#">
   <subfield code="a">Pusat Pendidikan Asas dan Liberal</subfield>
  </datafield>
  <datafield tag="650" ind1="0" ind2="0">
   <subfield code="a">Questionnaires </subfield>
  </datafield>
  <datafield tag="650" ind1="0" ind2="0">
   <subfield code="a">Research -- </subfield>
   <subfield code="x">Methods </subfield>
  </datafield>
  <datafield tag="650" ind1="0" ind2="0">
   <subfield code="a">Social sciences -- </subfield>
   <subfield code="x">Research </subfield>
  </datafield>
  <datafield tag="650" ind1="0" ind2="0">
   <subfield code="a">Social Sciences </subfield>
  </datafield>
  <datafield tag="700" ind1="1" ind2="1">
   <subfield code="a">Weinstein, </subfield>
   <subfield code="h">Krystyna </subfield>
  </datafield>
  <datafield tag="999" ind1=" " ind2=" ">
   <subfield code="a">1000406150</subfield>
   <subfield code="b">Book</subfield>
   <subfield code="c">Open Shelf</subfield>
   <subfield code="e">KOLEKSI TERBUKA</subfield>
  </datafield>
 </record>
</collection>
